Advances in drug research.

Bibliographic Details
Other Authors: Harper, N. J., Simmonds, Alma B.
Format: Serial
Language:English
Published: London ; New York : Academic Press
Subjects:
Online Availability: Check for online availability

MARC

Tag First Indicator Second Indicator Subfields
LEADER 00000cas a2200000 a 4500
001 in00004454607
005 20240215202809.9
008 780530c19649999enk x m 0 a0eng
010 |a  64024672  
019 |a 519560  |a 1461178 
022 |a 0065-2490 
035 |a (OCoLC)03938076 
035 |z (UtOrBLW)2040 
035 |a 3279 
040 |a DLC  |c TOL  |d HUL  |d NYG  |d HUL  |d SER  |d OCL  |d TMV  |d UtOrBLW 
049 |a [Shelved] [by Title] TMVM 
050 0 |a RS1  |b .A287 
060 0 0 |a W1 AD549R 
060 4 |a x 
069 1 |a A13755000 
082 0 |a 615.1072 
245 0 0 |a Advances in drug research. 
246 1 0 |a Adv Drug Res 
264 1 |a London ;  |a New York :  |b Academic Press 
300 |a volumes :  |b illustrations ;  |c 24 cm. 
336 |a text  |2 rdacontent  |b txt 
337 |a unmediated  |2 rdamedia 
338 |a volume  |2 rdacarrier  |b nc 
362 0 |a Vol. 1 (1964)- 
500 |a Editors: volume 1- N.J. Harper and A.B. Simmonds. 
650 2 |a Pharmaceutical Preparations. 
650 2 |a Pharmacology. 
655 2 |a Periodicals. 
700 1 |a Harper, N. J. 
700 1 |a Simmonds, Alma B. 
999 |a MARS 
999 f f |s b22f3ba1-1820-374d-81dd-76909b2eeb20  |i aeb80b51-f8ad-3f68-b915-0c20b6453c28  |t 0 
952 f f |p ric  |a Texas A&M University  |b Rellis Campus  |c Joint Library Facility  |d Remote Storage  |t 0  |h No information provided  |i unmediated -- volume  |k v.12  |l 1977  |m 323890031235$ 
952 f f |p ric  |a Texas A&M University  |b Rellis Campus  |c Joint Library Facility  |d Remote Storage  |t 0  |h No information provided  |i unmediated -- volume  |k v.7  |l 1973  |m 323890031232- 
952 f f |p ric  |a Texas A&M University  |b Rellis Campus  |c Joint Library Facility  |d Remote Storage  |t 0  |h No information provided  |i unmediated -- volume  |k v.8  |l 1974  |m 323890031234 
952 f f |p ric  |a Texas A&M University  |b Rellis Campus  |c Joint Library Facility  |d Remote Storage  |t 0  |h No information provided  |i unmediated -- volume  |k v.15  |l 1986  |m 3238902267054 
952 f f |p ric  |a Texas A&M University  |b Rellis Campus  |c Joint Library Facility  |d Remote Storage  |t 0  |h No information provided  |i unmediated -- volume  |k v.6  |l 1971  |m 323890031231Z 
952 f f |p ric  |a Texas A&M University  |b Rellis Campus  |c Joint Library Facility  |d Remote Storage  |t 0  |h No information provided  |i unmediated -- volume  |k v.14  |l 1985  |m 3238900312390 
952 f f |p ric  |a Texas A&M University  |b Rellis Campus  |c Joint Library Facility  |d Remote Storage  |t 0  |h No information provided  |i unmediated -- volume  |k v.1  |l 1964  |m 323890031227/ 
952 f f |p ric  |a Texas A&M University  |b Rellis Campus  |c Joint Library Facility  |d Remote Storage  |t 0  |h No information provided  |i unmediated -- volume  |k v.5  |l 1970  |m 323890031230Y 
952 f f |p ric  |a Texas A&M University  |b Rellis Campus  |c Joint Library Facility  |d Remote Storage  |t 0  |h No information provided  |i unmediated -- volume  |k v.11  |l 1977  |m 323890031237+ 
952 f f |p ric  |a Texas A&M University  |b Rellis Campus  |c Joint Library Facility  |d Remote Storage  |t 0  |h No information provided  |i unmediated -- volume  |k v.3  |l 1966  |m 323890031229% 
952 f f |p ric  |a Texas A&M University  |b Rellis Campus  |c Joint Library Facility  |d Remote Storage  |t 0  |h No information provided  |i unmediated -- volume  |k v.2  |l 1965  |m 323890189283D 
952 f f |p ric  |a Texas A&M University  |b Rellis Campus  |c Joint Library Facility  |d Remote Storage  |t 0  |h No information provided  |i unmediated -- volume  |k v.10  |l 1975  |m 323890031236/ 
952 f f |p ric  |a Texas A&M University  |b Rellis Campus  |c Joint Library Facility  |d Remote Storage  |t 0  |h No information provided  |i unmediated -- volume  |k v.9  |l 1974  |m 323890031233. 
952 f f |p ric  |a Texas A&M University  |b Rellis Campus  |c Joint Library Facility  |d Remote Storage  |t 0  |h No information provided  |i unmediated -- volume  |k v.13  |l 1984  |m 323890031238% 
998 f f |s v.1(1964)-v.3(1966),v.5(1970)-v.15(1986)  |t 0  |l Remote Storage